| 000 | 00922nam a22002297a 4500 | ||
|---|---|---|---|
| 005 | 20100827141349.0 | ||
| 008 | 090204t xxu||||| |||| 00| 0 eng d | ||
| 010 | _aENG-92824 | ||
| 020 |
_c106.00 _a9788190770910 |
||
| 035 | _aEN-76357 | ||
| 037 | _bDBAD / PUB | ||
| 040 |
_adpl _bEng |
||
| 082 | _a547.036 | ||
| 100 |
_aVijayalakshmi,N. _917296 |
||
| 245 |
_aStereochemistry and isomerism & reactions of carbonylcompounds: _cby N.Vijayalakshmi _bmade simple / |
||
| 260 |
_aChennai _bSakthi Pathippakam _c2008 |
||
| 270 |
_aPlotl No. 136, Rajaji Nagar, 3rd Street, Madipakkam, _bChennai _e600091 |
||
| 300 |
_aviii,72p. _c20cm (pbk) |
||
| 500 | _aIncludes bibliographical references and index | ||
| 942 |
_2ddc _cEN _mVIJ _h547.036 |
||
| 999 |
_c22994 _d22994 |
||